000 00779nam0a22002411 4500
001 rc\608441
005 20031121163727.6
035 _a(NLR Aleph) 005852382
090 _a5792325
_c5792325
100 _a20031121d1986 u |0rusy50 ca
101 0 _arus
102 _aRU
105 _ay |||||||||
200 1 _aСельскохозяйственному производству - труд и энтузиазм молодых
210 _aМ.
_cМоск. рабочий
_d1986
215 _a78, [2] с.
_d17
225 1 _aРешения XXVII съезда КПСС - в жизнь!
700 1 _aЛушкин
_bЛ. А.
_gЛеонид Александрович
801 0 _aRU
_bNLR
_gpsbo
801 1 _aRU
_bELAR
_2rusmarc
852 _aNLR
_j86-2/3363
942 _cBOOK
980 _aNB